| 000 | 02548nam0a2200469 4500 | ||
|---|---|---|---|
| 001 | RU\NLR\BIBL_A\022313074 | ||
| 005 | 20260420014133.0 | ||
| 010 |
_a978-5-04-187007-2 _93000 |
||
| 021 |
_aRU _bКН-П-24-042804 _9КН-П-24-4264 |
||
| 035 | _a(NLR Aleph) 022313074 | ||
| 090 |
_a13664403 _c13664403 |
||
| 100 | _a20240904d2024 u y0rusy50 ca | ||
| 101 | 1 |
_arus _ceng |
|
| 102 | _aRU | ||
| 105 | _ay z 000zy | ||
| 181 | 0 |
_ai4 _baxxe |
|
| 182 | 0 | _an | |
| 200 | 1 |
_aКуриный бульон для души _iСоздай себя заново _e101 вдохновляющая история о фитнесе, правильном питании и работе над собой _fДжек Кэнфилд, Марк Виктор Хансен, Эми Ньюмарк, Ричард Симмонс _g[перевод с английского И. А. Крейниной] |
|
| 203 |
_aТекст _bвизуальный _cнепосредственный |
||
| 205 | _a11-е изд. | ||
| 210 |
_aМосква _cЭксмо, Бомбора _d2024 |
||
| 215 |
_a477, [1] с. _d22 |
||
| 225 | 1 | _aКуриный бульон для души | |
| 300 | _aЗагл. и авт. ориг.: Chicken Soup for the Soul. Shaping the new you / Jack Canfield, Mark Victor Hansen, Amy Newmark, Richard Simmons | ||
| 333 | _a16+ | ||
| 454 | 0 |
_12001#$aChicken Soup for the Soul. Shaping the new you$fJack Canfield, Mark Victor Hansen, Amy Newmark, Richard Simmons _1701#1$aCanfield$bJ.$f1944-$gJack$3RU\NLR\AUTH\770246620 _1701#1$aHansen$bM. V.$gMark Victor _1701#1$aNewmark$bA.$gAmy _1701#1$aSimmons$bR.$gRichard _tChicken Soup for the Soul. Shaping the new you |
|
| 606 | 1 |
_aПсихогигиена _jПопулярные издания _9929392 _3RU\NLR\AUTH\6623393 |
|
| 606 | 1 |
_aФитнес _jПопулярные издания _92130208 _3RU\NLR\AUTH\661285231 |
|
| 606 | 1 |
_aВес тела _jПопулярные издания _xРегулирование _92345830 _3RU\NLR\AUTH\661401856 |
|
| 686 | 1 | _aЮ948.1-8я9 | |
| 686 | 1 | _aЮ949.2я9 | |
| 686 | 1 | _aЧ511.49я9 | |
| 686 | 1 | _aШ6(7США)67-440.5я43{Лх1979-80сб} | |
| 686 | 1 | _aР120.4я9 | |
| 701 | 1 |
_7ca _8rus _aКэнфилд _bД. _f1944- _gДжек _9169390 _3RU\NLR\AUTH\770169440 |
|
| 701 | 1 |
_aХансен _bМ. В. _f1948- _gМарк Виктор |
|
| 701 | 1 |
_aНьюмарк _bЭ. _gЭми |
|
| 701 | 1 |
_aСиммонс _bР. _gРичард |
|
| 942 | _cBOOK | ||
| 980 | _aNB | ||